| 000 | 00658cab a2200241 4500 | ||
|---|---|---|---|
| 001 | ABS58366 | ||
| 008 | 090401t1998 xxu||||| |||| 00| 0 eng d | ||
| 035 | _a(Sirsi) u84489 | ||
| 041 | _aeng | ||
| 245 | _aDeer management and woodland grant scheme | ||
| 260 | _c1998 | ||
| 350 | _a0 | ||
| 490 |
_aNFU Regional Journal _vFebruary 1998, 27(1) |
||
| 520 | _aOutlines the options available to farmers when wild deer damage their woodland. | ||
| 650 | _aDEER MANAGEMENT | ||
| 650 | _aPEST CONTROL | ||
| 650 | _aWILD DEER | ||
| 650 | _aWOODLAND GRANT SCHEME | ||
| 650 | _aWOODLAND | ||
| 690 | _aRURAL PRACTICE | ||
| 942 | _n0 | ||
| 948 | _c25/02/1998 | ||
| 999 |
_c53092 _d53092 |
||